000 00637nmm a2200229 a 4500
003 AR-BaBNM
005 20251128211312.0
008 033120s2000 ||||||||||||||000 | spa||
020 _a987-9382-12-9
040 _cAR-BaBNM
100 1 _aCevasco, Luis Jorge
245 1 0 _aDerecho contravencional de la Ciudad Autónoma de Buenos Aires
260 _aBuenos Aires
_bFabián J. Di Plácido
_c2000
300 0 _a206 p.
_btabs.
650 4 _aDERECHO
650 4 _aCODIGOS
650 4 _aADMINISTRACION PUBLICA
651 4 _aBuenos Aires [Capital Federal]
700 1 _aFernández, Walter Horacio
942 _cBK
998 _cMariana
999 _c19065
_d19065